000 00450nam a2200169Ia 4500
003 IN-BaIIA
008 211028s9999 xx 000 0 eng d
040 _cIIA Library
080 _a52
_bPON
100 _aPontax, Ant
_91295
245 0 _aL'univers devoile
_bnouvelle synthese astronomique
_cAnt Pontax
260 _aAthenes
_c1949
300 _a202p.
650 _aAstronomy
_980
650 _aAstronomy and astrophysics thesaurus
942 _cBK
999 _c583
_d583